Advances and challenges in multisensor data and information processing (Record no. 234595)
[ view plain ]
| 000 -LEADER | |
|---|---|
| fixed length control field | 02005nam a2200373Ia 4500 |
| 082 04 - DEWEY DECIMAL CLASSIFICATION NUMBER | |
| Classification number | 621.389/28 |
| 245 10 - TITLE STATEMENT | |
| Title | Advances and challenges in multisensor data and information processing |
| 260 ## - PUBLICATION, DISTRIBUTION, ETC. (IMPRINT) | |
| Place of publication | Amsterdam, Netherlands ; |
| -- | Washington, DC : |
| Name of publisher | IOS Press, |
| Year of publication | c2007. |
| 300 ## - PHYSICAL DESCRIPTION | |
| Number of Pages | ix, 401 p. : |
| Other physical details | ill. |
| 490 1# - SERIES STATEMENT | |
| Series statement | NATO security through science series. Sub-series D, Information and communication security, |
| 500 ## - GENERAL NOTE | |
| General note | "Published in cooperation with NATO Public Diplomacy Division." |
| General note | "Proceedings of the NATO Advanced Study Institute on Multisensor Data and Information Processing for Rapid and Robust Situation and Threat Assessment, Albena, Bulgaria, 16-27 May 2005"--T.p. verso. |
| 650 #0 - SUBJECT ADDED ENTRY--TOPICAL TERM | |
| Topical Term | Multisensor data fusion |
| Topical Term | Terrorism |
| Topical Term | Electronic surveillance |
| 700 1# - ADDED ENTRY--PERSONAL NAME | |
| Personal name | Lefebvre, Eric, |
| 856 40 - ELECTRONIC LOCATION AND ACCESS | |
| Uniform Resource Identifier | http://site.ebrary.com/lib/rucke/Doc?id=10186850 |
No items available.
